Представление документа в формате RUSMARC

ПолеНазваниеЗначение
  Тип записи a
  Библиографический уровень m
001 Контрольный номер 5a8073bdb15b41c58b84463b6b238407
005 Дата корректировки 20200914091249.8
101 Язык документа 0_
a Язык текста rus
102 Страна публикации __
a Страна публикации RU
200 Заглавие и сведения об ответственности 1_
a Заглавие Банковское дело
b Общее обозначение материала Электронный ресурс
e Сведения, относящиеся к заглавию учебно-методический компьютерный комплекс
f Первые сведения об ответственности Т.Л. Мягкова
210 Выходные данные 1_
a Место издания М.
c Издательство Диполь
c Издательство Электронно-библиотечная система "IPRbooks"
d Дата издания 2015
225 Серия 2_
a Серия Вузовская серия
300 Общие примечания __
a Общие примечания электронный диск CD/DVD
610 Ключевые слова 0_
a Ключевые слова электронное издание
a Ключевые слова электронный учебник
a Ключевые слова банковское дело
a Ключевые слова учебник
a Ключевые слова УМК
a Ключевые слова учебно-методический комплекс
a Ключевые слова ЭБС IPRbooks
a Ключевые слова Диполь
a Ключевые слова электронный диск
686 Индексы других классификаций __
a Классификационный индекс 65.262.1
701 Альтернативная интеллектуальная ответственность _1
a Фамилия Мягкова
b Имя Т.Л.
g Полное личное имя Татьяна Леонидовна
801 Источник записи _0
a Страна RU
b Организация РУК
g Правила каталогизации PSBO
801 Источник записи _1
a Страна RU
b Организация РУК
g Правила каталогизации PSBO
852 Данные о местонахождении __
i Авторский знак Б 23
j Шифр хранения ББК 65.262.1
901 Тип документа __
t Тип документа m
937 Технологическая информация __
a Создатель записи (имя) Михно
938 Служебная информация __
a Название организации Поволжский филиал